<?xml version='1.0' encoding='UTF-8'?>
  <record xmlns="http://www.loc.gov/MARC21/slim">
    <leader>00000cam a22000007i 4500</leader>
    <controlfield tag="001">ocm68839488</controlfield>
    <controlfield tag="003">OCoLC</controlfield>
    <controlfield tag="005">20250603212102.2</controlfield>
    <controlfield tag="008">960123s1662    ne            000 0 dut d</controlfield>
    <datafield tag="040" ind1=" " ind2=" ">
      <subfield code="a">NLGGC</subfield>
      <subfield code="b">dut</subfield>
      <subfield code="e">fobidrtb</subfield>
      <subfield code="c">NLGGC</subfield>
      <subfield code="d">OCLCL</subfield>
      <subfield code="d">OCLCQ</subfield>
      <subfield code="d">OCLCL</subfield>
      <subfield code="d">OCLCQ</subfield>
    </datafield>
    <datafield tag="029" ind1="0" ind2=" ">
      <subfield code="a">NLGGC</subfield>
      <subfield code="b">144895471</subfield>
    </datafield>
    <datafield tag="035" ind1=" " ind2=" ">
      <subfield code="a">(OCoLC)68839488</subfield>
    </datafield>
    <datafield tag="082" ind1=" " ind2="4">
      <subfield code="a">789.73</subfield>
      <subfield code="q">OCoLC</subfield>
      <subfield code="1">https://id.oclc.org/worldcat/ddc/E37VTPDmfXy3yg6M3wh7w8QQkJ</subfield>
    </datafield>
    <datafield tag="100" ind1="1" ind2=" ">
      <subfield code="a">Pers, Dirck Pietersz,</subfield>
      <subfield code="d">1581-1659.</subfield>
      <subfield code="0">(NL-LeOCL)06980429X</subfield>
    </datafield>
    <datafield tag="245" ind1="1" ind2="0">
      <subfield code="a">Gesangh der zeeden: zijnde het derde deel van Bellerophon, of Lust tot wijsheydt :</subfield>
      <subfield code="b">Waer in verscheyden stichtlicke liedekens en dichten, tot verbeteringhe van dese bedorvene eeuwe ... /</subfield>
      <subfield code="c">Door P. D. Pers.</subfield>
    </datafield>
    <datafield tag="250" ind1=" " ind2=" ">
      <subfield code="a">Op 't nieuw verb. en verm.</subfield>
    </datafield>
    <datafield tag="260" ind1=" " ind2=" ">
      <subfield code="a">t'Amsteldam :</subfield>
      <subfield code="b">voor Willem van Beaumont, boeck-verkooper#in de Kalverstraet, tusschen de Spaer-pot en S. Lucye-steegh, in de Witte Boeck-pers#,</subfield>
      <subfield code="c">1662.</subfield>
    </datafield>
    <datafield tag="300" ind1=" " ind2=" ">
      <subfield code="a">? ;</subfield>
      <subfield code="c">in-8.</subfield>
    </datafield>
    <datafield tag="336" ind1=" " ind2=" ">
      <subfield code="a">tekst</subfield>
      <subfield code="b">txt</subfield>
      <subfield code="2">rdacontent/dut</subfield>
    </datafield>
    <datafield tag="337" ind1=" " ind2=" ">
      <subfield code="a">zonder medium</subfield>
      <subfield code="b">n</subfield>
      <subfield code="2">rdamedia/dut</subfield>
    </datafield>
    <datafield tag="338" ind1=" " ind2=" ">
      <subfield code="a">band</subfield>
      <subfield code="b">nc</subfield>
      <subfield code="2">rdacarrier/dut</subfield>
    </datafield>
    <datafield tag="500" ind1=" " ind2=" ">
      <subfield code="a">Er bestaat ook een uitg. met hetzelfde impressum, doch a.h. slot: 'Den boeck-verkooper aen den leser', getek.: W. van Beaumont.</subfield>
    </datafield>
    <datafield tag="500" ind1=" " ind2=" ">
      <subfield code="a">Colofon: t'Amsterdam, gedruckt by Christoffel Cunradus, boeckedrucker ... 1656.</subfield>
    </datafield>
    <datafield tag="500" ind1=" " ind2=" ">
      <subfield code="a">Met titelgrav. en gravs in de tekst en slotvign. D.P. Pers, Bellerophon. III.</subfield>
    </datafield>
    <datafield tag="510" ind1="0" ind2=" ">
      <subfield code="a">De Vries (Emblemata) 63</subfield>
    </datafield>
    <datafield tag="510" ind1="0" ind2=" ">
      <subfield code="a">Landwehr (Emblem &amp; fable books) 626</subfield>
    </datafield>
    <datafield tag="700" ind1="1" ind2=" ">
      <subfield code="a">Cunradus, Christoffel</subfield>
      <subfield code="c">Amsterdam.</subfield>
      <subfield code="4">prt</subfield>
      <subfield code="0">(NL-LeOCL)077132572</subfield>
    </datafield>
    <datafield tag="700" ind1="1" ind2=" ">
      <subfield code="a">Beaumont, Willem van</subfield>
      <subfield code="c">Amsterdam.</subfield>
      <subfield code="4">prt</subfield>
      <subfield code="0">(NL-LeOCL)08721721X</subfield>
    </datafield>
    <datafield tag="758" ind1=" " ind2=" ">
      <subfield code="a">Gesangh der zeeden: zijnde het derde deel van Bellerophon, of Lust tot wijsheydt Waer in verscheyden stichtlicke liedekens en dichten, tot verbeteringhe van dese bedorvene eeuwe ...-fDoor P.D. Pers (Text)</subfield>
      <subfield code="1">https://id.oclc.org/worldcat/entity/E39PCGpPwVMrmB3qfrH6fxw9WC</subfield>
      <subfield code="4">https://id.oclc.org/worldcat/ontology/hasWork</subfield>
    </datafield>
    <datafield tag="776" ind1="0" ind2=" ">
      <subfield code="t">Gesangh der zeeden: zijnde het derde deel van Bellerophon, of Lust tot wijsheydt</subfield>
      <subfield code="w">(NL-LeOCL)377480053</subfield>
    </datafield>
    <datafield tag="776" ind1="0" ind2=" ">
      <subfield code="t">Gesangh der zeeden: zijnde het derde deel van Bellerophon, of Lust tot wijsheydt</subfield>
      <subfield code="w">(NL-LeOCL)377480061</subfield>
    </datafield>
    <datafield tag="776" ind1="0" ind2=" ">
      <subfield code="t">Gesangh der zeeden: zijnde het derde deel van Bellerophon, of Lust tot wijsheydt</subfield>
      <subfield code="w">(NL-LeOCL)37748007X</subfield>
    </datafield>
    <datafield tag="776" ind1="0" ind2=" ">
      <subfield code="t">Gesangh der zeeden: zijnde het derde deel van Bellerophon, of Lust tot wijsheydt</subfield>
      <subfield code="w">(NL-LeOCL)377480088</subfield>
    </datafield>
    <datafield tag="776" ind1="0" ind2=" ">
      <subfield code="t">Gesangh der zeeden: zijnde het derde deel van Bellerophon, of Lust tot wijsheydt</subfield>
      <subfield code="w">(NL-LeOCL)426093976</subfield>
    </datafield>
    <datafield tag="776" ind1="0" ind2=" ">
      <subfield code="t">Gesangh der zeeden: zijnde het derde deel van Bellerophon, of Lust tot wijsheydt</subfield>
      <subfield code="w">(NL-LeOCL)426093984</subfield>
    </datafield>
    <datafield tag="856" ind1="4" ind2="2">
      <subfield code="y">Short Title Catalogue, Netherlands</subfield>
      <subfield code="u">http://resolver.kb.nl/resolve?urn=STCN:204373778:record</subfield>
      <subfield code="z">zie de oorspronkelijke beschrijving bij de STCN voor mogelijk overige vindplaatsen</subfield>
      <subfield code="7">0</subfield>
    </datafield>
    <datafield tag="936" ind1=" " ind2=" ">
      <subfield code="a">BATCHLOAD</subfield>
    </datafield>
  </record>